Ciekawostki o krajach afrykańskich (Quiz) - Statystyki

Ogólne statystyki
  • Ten quiz został rozwiązany 95 razy
  • Średni wynik to 4 z 7
Statystyki odpowiedzi
Podpowiedź Kraj % Poprawnych
Jest największym państwem Algieria
93%
Jest najstarszym krajem w Afryce Egipt
83%
Ma większą liczbę piramid od Egiptu Sudan
80%
Ma najwyższy na świecie wskaźnik urodzeń bliźniąt Nigeria
68%
Jest najbiedniejszym krajem w Afryce Demokratyczna Republika Konga
53%
Ma lepszą równość płci niż USA Rwanda
35%
Jest najbogatszym krajem w Afryce Gwinea równikowa
31%
Nie znaleziono quizów pasujących do podanych kryteriów
Rozkład punktacji
Procent ludzi z każdym wynikiem
Percentyl według liczby udzielonych odpowiedzi
Twoja historia wyników
Nie rozwiązałeś tego quizu